Miasta w woj. warmińsko-mazurskim - nagła śmierć - Statystyki

Ogólne statystyki
  • Ten quiz został rozwiązany 95 razy
  • Średni wynik to 15 z 28
Answers on the Grid
Answers color-coded by a green-red scale on the quiz's grid according to % correct below.
Olsztyn
Elbląg
Ełk
Iława
Ostróda
Braniewo
Nowe Miasto Lubawskie
Olsztynek
Dobre Miasto
Lidzbark Warmiński
Barczewo
Bartoszyce
Kętrzyn
Mikołajki
Mrągowo
Szczytno
Pisz
Olecko
Giżycko
Gołdap
Węgorzewo
Działdowo
Nidzica
Ruciane-Nida
Orzysz
Pasłęk
Morąg
Frombork
Krynica Morska
Suwałki
Sejny
Grajewo
Mława
Przasnysz
Brodnica
Golub-Dobrzyń
Dzierzgoń
Malbork
Mońki
Kolno
Prabuty
Żuromin
Rypin
Mamonowo
 
Statystyki odpowiedzi
Odpowiedź % Poprawnych
Olsztyn
76%
Elbląg
69%
Ełk
65%
Mikołajki
63%
Mrągowo
63%
Giżycko
61%
Gołdap
59%
Lidzbark Warmiński
59%
Szczytno
57%
Braniewo
56%
Iława
56%
Kętrzyn
56%
Pisz
56%
Bartoszyce
54%
Frombork
54%
Olsztynek
54%
Ostróda
54%
Węgorzewo
52%
Nidzica
50%
Barczewo
48%
Pasłęk
48%
Dobre Miasto
46%
Działdowo
46%
Morąg
46%
Nowe Miasto Lubawskie
46%
Olecko
46%
Ruciane-Nida
46%
Orzysz
44%
Nie znaleziono quizów pasujących do podanych kryteriów
Rozkład punktacji
Procent ludzi z każdym wynikiem
Percentyl według liczby udzielonych odpowiedzi
Twoja historia wyników
Nie rozwiązałeś tego quizu